|
|
|
|
| LEADER |
00000nab a2200000 a 4500 |
| 001 |
vtls000477758 |
| 003 |
SK-MaSNL |
| 005 |
20260303005404.0 |
| 008 |
120927c1993 xo 0 slo |
| 015 |
|
|
|a SNBRB19rr/mm-uuuuu
|
| 035 |
|
|
|a CL0477893
|
| 040 |
|
|
|a SNKBUCL
|b slo
|c SNKBUCL
|e AACR2
|
| 041 |
0 |
|
|a slo
|
| 044 |
|
|
|a xo
|c SK
|
| 080 |
|
|
|a 336.77:336.71(437.6)
|2 1981
|
| 080 |
|
|
|a 336.71(437.6)
|2 1981
|
| 080 |
|
|
|a 658.114
|2 1981
|
| 245 |
0 |
0 |
|a Cena peňazí
|b Ako s úvermi v slovenských bankách ; Aut. Milan Vrškový, Stanislav Sýkora, Ivan Mikle, Jarmila Jurkovičová, Elena Ondriášová, Katarína Pokojná
|
| 300 |
|
|
|b Fotogr. 1
|
| 650 |
0 |
7 |
|a banky
|2 snkbucl
|9 2103
|
| 650 |
0 |
7 |
|a úvery
|2 snkbucl
|9 2375
|
| 655 |
|
7 |
|a články z novín a časopisov
|2 snkbucl
|9 267496
|
| 700 |
1 |
|
|a Vrškový, Milan,
|d 1930-
|4 aut
|9 106059
|
| 700 |
1 |
|
|a Sýkora, Stanislav
|4 aut
|9 573409
|
| 700 |
1 |
|
|a Mikle, Ivan
|4 aut
|9 985507
|
| 700 |
1 |
|
|a Jurkovičová, Jarmila
|4 aut
|9 982904
|
| 700 |
1 |
|
|a Ondriášová, Elena
|4 aut
|9 985505
|
| 700 |
1 |
|
|a Pokojná, Katarína
|4 aut
|9 426285
|
| 773 |
0 |
|
|t Práca
|g Roč. 48, č. 57 (10. 3. 1993), s. 9
|
| 850 |
|
|
|a Slovenská národná knižnica v Martine
|a MTA001
|
| 852 |
|
|
|a SNK
|b KIS3GCP
|
| 958 |
|
|
|a RK
|
| 992 |
|
|
|a RBX
|
| 999 |
|
|
|c 1582290
|d 1584220
|